| 000 | 01799nam a2200229Ia 4500 | ||
|---|---|---|---|
| 008 | 260220t1993||||xx |||||||||||||| ||spa|| | ||
| 040 |
_aPY-SlUNAC _bspa _erda |
||
| 041 | _aspa | ||
| 082 |
_a629.045 _bH613h |
||
| 245 | 0 | _aHidrobia un examen ambiental inicial de la vía fluvial Paraguay-Paraná | |
| 264 |
_aBuenos Aires : _bHumedades para las Américas, _c℗1993. |
||
| 300 | _a1 volumen | ||
| 520 | _aEl libro "Hidrobia: un examen ambiental inicial de la vía fluvial Paraguay-Paraná" presenta un análisis detallado de las condiciones ambientales y ecológicas de esta importante vía fluvial en América del Sur. Publicado en 1993 por Humedades para las Américas, la obra aborda los aspectos físicos, biológicos y socioeconómicos que afectan a la región, enfatizando la interrelación entre el entorno natural y la actividad humana. Se examinan las variaciones en la calidad del agua, la biodiversidad acuática y los impactos de la contaminación y el desarrollo urbano en los ecosistemas locales. Además, el texto discute la importancia de la conservación y la gestión sostenible de los recursos hídricos, proponiendo recomendaciones para mitigar los efectos negativos de la intervención humana. A través de un enfoque multidisciplinario, el libro sirve como un recurso valioso para investigadores, planificadores y responsables de políticas, contribuyendo al entendimiento de la dinámica ambiental de la cuenca del Paraguay-Paraná y promoviendo la protección de sus valiosos recursos naturales. | ||
| 653 | _aCalidad del agua | ||
| 653 | _aEcosistemas acuáticos | ||
| 653 | _aGestión ambiental | ||
| 942 |
_b2026/02/17 _cBK |
||
| 999 |
_c8605 _d8605 |
||